MARC

Tag First Indicator Second Indicator Subfields
LEADER 00000nam a2200000 a 4500
001 in00004677021
006 m o d
007 cr cn|||||||||
008 080625s2001 ctua ob 001 0 eng d
005 20260214200210.0
020 |a 9780470385098 
020 |a 047038509X 
020 |a 9780470384879  |q (electronic bk.) 
020 |a 0470384875  |q (electronic bk.) 
020 |z 0917678524 
020 |z 9780917678523 
024 7 |a 10.1002/9780470385098  |2 doi 
035 |a wil6007436 
035 |a (NhCcYBP)wil6007436 
037 |a 10.1002/9780470385098  |b Wiley InterScience  |n http://www3.interscience.wiley.com 
040 |a NhCcYBP  |b eng  |c NhCcYBP 
050 4 |a QR201.E82  |b V476 2001eb 
072 7 |a MED  |x 022090  |2 bisacsh 
082 0 4 |a 616.9/26  |2 22 
245 0 0 |a Verocytotoxigenic E. coli /  |c edited by Geraldine Duffy, Patricia Garvey, David A. McDowell. 
260 |a Trumbull, Conn. :  |b Food & Nutrition Press,  |c ©2001. 
300 |a 1 online resource (x, 457 pages) :  |b illustrations 
336 |a text  |b txt  |2 rdacontent 
337 |a computer  |b c  |2 rdamedia 
338 |a online resource  |b cr  |2 rdacarrier 
490 1 |a Publications in food science and nutrition 
504 |a Includes bibliographical references and index. 
588 0 |a Print version record. 
650 0 |a Escherichia coli O157:H7. 
650 0 |a Escherichia coli infections. 
650 2 |a Escherichia coli O157 
650 2 |a Escherichia coli Infections 
655 4 |a Electronic books. 
700 1 |a Duffy, Geraldine. 
700 1 |a Garvey, Patricia. 
700 1 |a McDowell, David A. 
776 0 8 |i Print version:  |t Verocytotoxigenic E. coli.  |d Trumbull, Conn. : Food & Nutrition Press, ©2001  |z 0917678524  |z 9780917678523  |w (DLC) 2001135366 
830 0 |a Publications in food science and nutrition. 
856 4 0 |u http://proxy.library.tamu.edu/login?url=https://onlinelibrary.wiley.com/book/10.1002/9780470385098  |z Connect to the full text of this electronic book  |t 0 
955 |a Wiley EBA record 
975 |p Wiley UBCM Full Collection 2026 
999 f f |s 6c4fd97e-e9be-4663-b1ff-b7b684260aa1  |i 0e41dc03-6c11-4373-8488-a58d26eac163  |t 0 
952 f f |a Texas A&M University  |b College Station  |c Electronic Resources  |s evans_pda  |d Available Online  |t 0  |e QR201.E82 V476 2001eb  |h Library of Congress classification 
998 f f |a QR201.E82 V476 2001eb  |t 0  |l Available Online